[Event "SLO-chT2 West"]
[Site "Ljubljana"]
[Date "2013.11.10"]
[Round "5.1"]
[White "Solmajer, Luka"]
[Black "Hasanagic, Alim"]
[Result "1/2-1/2"]
[WhiteElo "2063"]
[BlackElo "2113"]
[PlyCount "22"]
[EventDate "2013.11.08"]
[EventType "team"]
[EventRounds "9"]
[EventCountry "SLO"]
[SourceTitle "EXT 2015"]
[Source "ChessBase"]
[SourceDate "2014.11.20"]
[SourceVersion "1"]
[SourceVersionDate "2014.11.20"]
[SourceQuality "1"]
[WhiteTeam "Lojz Kraigher"]
[BlackTeam "Jesenice"]
[WhiteTeamCountry "SLO"]
[BlackTeamCountry "SLO"]

1. d4 f5 2. c4 Nf6 3. Nc3 d6 4. g3 g6 5. Bg2 Bg7 6. Nh3 Nc6 7. d5 Ne5 8. 0-0 0-0 9. b3 c6 10. Bb2 Bd7 11. Qd2 Rb8 1/2-1/2

[Event "SLO-chT2 West"]
[Site "Ljubljana"]
[Date "2012.10.21"]
[Round "5.4"]
[White "Hasanagic, Alim"]
[Black "Markic, Vladimir"]
[Result "1-0"]
[WhiteElo "2124"]
[BlackElo "1763"]
[PlyCount "119"]
[EventDate "2012.10.19"]
[EventType "team-tourn"]
[EventRounds "9"]
[EventCountry "SLO"]
[SourceTitle "EXT 2022"]
[Source "ChessBase"]
[SourceDate "2021.10.06"]
[SourceVersion "1"]
[SourceVersionDate "2021.10.06"]
[SourceQuality "1"]
[WhiteTeam "Jesenice"]
[BlackTeam "Trzin Buscotrade"]
[WhiteTeamCountry "SLO"]
[BlackTeamCountry "SLO"]

1. d4 d5 2. c4 e6 3. Nf3 Nf6 4. g3 Be7 5. Bg2 0-0 6. 0-0 c6 7. Qc2 Ne4 8. Nc3 f5 9. Ne5 Nd7 10. Nxd7 Bxd7 11. f3 Nxc3 12. Qxc3 Bg5 13. Bxg5 Qxg5 14. f4 Qe7 15. Rac1 Rfc8 16. Qe3 Qf6 17. h3 g6 18. g4 Re8 19. g5 Qg7 20. h4 Kf7 21. Kf2 Rh8 22. Rh1 h5 23. Bf3 Rhe8 24. Rhd1 Kg8 25. Qb3 Rab8 26. Qa3 a6 27. c5 Rbd8 28. Rd3 Bc8 29. Rb3 Qc7 30. e3 Rd7 31. Rb6 Ree7 32. b4 Kf7 33. Qb3 Qd8 34. Ra1 Rc7 35. a4 Qe8 36. Qd1 Kg8 37. Be2 Kf7 38. Qb1 Kg7 39. Ra2 Kf7 40. Ra3 Kg7 41. b5 axb5 42. axb5 Qf7 43. Ra7 Qe8 44. Qb4 Kh7 45. Qa3 Kg7 46. Ra8 Qf7 47. Rb8 e5 48. dxe5 d4 49. exd4 Qd5 50. Qc3 Qh1 51. Qg3 Qd5 52. bxc6 bxc6 53. Rb4 Rb7 54. R8xb7 Rxb7 55. Rxb7+ Bxb7 56. Qe3 Qh1 57. Bf3 Qxh4+ 58. Kg2 Kf7 59. e6+ Ke7 60. Qe5 1-0

[Event "SLO-chT1a West"]
[Site "Ljubljana"]
[Date "2009.10.17"]
[Round "7.3"]
[White "Kosmac, Blaz"]
[Black "Hasanagic, Alim"]
[Result "1-0"]
[WhiteElo "2164"]
[BlackElo "2126"]
[PlyCount "99"]
[EventDate "2009.10.09"]
[EventType "team-tourn"]
[EventRounds "9"]
[EventCountry "SLO"]
[SourceTitle "EXT 2012"]
[Source "ChessBase"]
[SourceDate "2011.11.24"]
[SourceVersion "1"]
[SourceVersionDate "2011.11.24"]
[SourceQuality "1"]
[WhiteTeam "Kranj Tomo Zupan"]
[BlackTeam "Jesenice"]
[WhiteTeamCountry "SLO"]
[BlackTeamCountry "SLO"]

1. e4 c5 2. Nc3 d6 3. g3 g6 4. Bg2 Bg7 5. d3 Nc6 6. Be3 e6 7. Qd2 Qb6 8. Nge2 Nd4 9. Rb1 Bd7 10. 0-0 h5 11. h3 Ne7 12. a3 Qc7 13. b4 Rb8 14. f4 0-0 15. g4 hxg4 16. hxg4 Nxe2+ 17. Nxe2 f5 18. gxf5 exf5 19. e5 dxe5 20. Bxc5 Bc6 21. fxe5 Bxe5 22. d4 Bxg2 23. Kxg2 Bd6 24. c4 b6 25. Bxd6 Qxd6 26. Rbe1 Rf6 27. Qf4 Rc8 28. d5 a5 29. Qd4 g5 30. Nc3 Ng6 31. Nb5 Nh4+ 32. Qxh4 gxh4 33. Nxd6 Rxd6 34. bxa5 bxa5 35. Rf4 Rg6+ 36. Kf2 Rg4 37. Rxg4+ fxg4 38. Re4 Kf7 39. Rxg4 Rh8 40. Kg2 h3+ 41. Kh2 Ke7 42. c5 Rh5 43. Rd4 Kd7 44. Rd3 a4 45. Rd4 Rf5 46. Kxh3 Rf3+ 47. Kg4 Rxa3 48. c6+ Kd8 49. Kf4 Ra1 50. Ke5 1-0

[Event "SLO-chT1a West"]
[Site "Ljubljana"]
[Date "2009.10.11"]
[Round "5.3"]
[White "Hasanagic, Alim"]
[Black "Volf, Ziga"]
[Result "1-0"]
[WhiteElo "2126"]
[BlackElo "2210"]
[PlyCount "79"]
[EventDate "2009.10.09"]
[EventType "team-tourn"]
[EventRounds "9"]
[EventCountry "SLO"]
[SourceTitle "EXT 2012"]
[Source "ChessBase"]
[SourceDate "2011.11.24"]
[SourceVersion "1"]
[SourceVersionDate "2011.11.24"]
[SourceQuality "1"]
[WhiteTeam "Jesenice"]
[BlackTeam "Novo Mesto Krka"]
[WhiteTeamCountry "SLO"]
[BlackTeamCountry "SLO"]

1. d4 d5 2. c4 e6 3. Nf3 c6 4. Nc3 f5 5. g3 Nf6 6. Bg2 Bd6 7. Bf4 0-0 8. Bxd6 Qxd6 9. Ne5 Nbd7 10. f4 Ne4 11. Nxe4 dxe4 12. Qd2 Nf6 13. 0-0 Bd7 14. Qe3 Rfd8 15. Rfd1 Be8 16. Rd2 Bh5 17. Rad1 Qe7 18. h3 Rac8 19. g4 fxg4 20. hxg4 Bxg4 21. Bxe4 Nxe4 22. Qxe4 Qh4 23. Qg2 Bh5 24. Qh2 Qxh2+ 25. Kxh2 h6 26. Kg3 Kh7 27. Rh1 Bg6 28. Kf3 c5 29. d5 b5 30. d6 bxc4 31. d7 Rc7 32. Rhd1 Bh5+ 33. Ke3 Kg8 34. Rd6 Be8 35. dxe8Q+ Rxe8 36. Nxc4 g5 37. fxg5 hxg5 38. Rg1 Rg7 39. Ne5 Rb8 40. b3 1-0

[Event "SLO-chT1a West"]
[Site "Ljubljana"]
[Date "2009.10.10"]
[Round "2.2"]
[White "Hasanagic, Alim"]
[Black "Dumpor, Atif"]
[Result "0-1"]
[WhiteElo "2126"]
[BlackElo "2420"]
[PlyCount "78"]
[EventDate "2009.10.09"]
[EventType "team-tourn"]
[EventRounds "9"]
[EventCountry "SLO"]
[SourceTitle "EXT 2012"]
[Source "ChessBase"]
[SourceDate "2011.11.24"]
[SourceVersion "1"]
[SourceVersionDate "2011.11.24"]
[SourceQuality "1"]
[WhiteTeam "Jesenice"]
[BlackTeam "Podpec"]
[WhiteTeamCountry "SLO"]
[BlackTeamCountry "SLO"]

1. d4 Nf6 2. c4 d6 3. Nc3 Nbd7 4. Nf3 e5 5. e4 Be7 6. g3 0-0 7. Bg2 c6 8. 0-0 a6 9. a4 a5 10. h3 Re8 11. Be3 Qc7 12. Rc1 Bf8 13. Qc2 exd4 14. Nxd4 g6 15. Rfe1 Bg7 16. Nb3 b6 17. Nd4 Bb7 18. Kh2 Ne5 19. b3 h5 20. Rcd1 h4 21. Nf3 hxg3+ 22. fxg3 Nfd7 23. Bf4 Nc5 24. Nd4 Re7 25. Re2 Rae8 26. Nf3 Nxf3+ 27. Bxf3 Be5 28. Bxe5 dxe5 29. Bg2 Ne6 30. Rf2 Bc8 31. Rdf1 Kg7 32. Qd3 Rf8 33. Qf3 f6 34. h4 Nd4 35. Qd1 Ref7 36. Kg1 Qe7 37. Nb1 Qb4 38. Nd2 Qc3 39. Qc1 Qxg3 0-1

[Event "SLO-chT1 West"]
[Site "Ljubljana"]
[Date "2008.11.23"]
[Round "9.3"]
[White "Budkovic, Tine"]
[Black "Hasanagic, Alim"]
[Result "1/2-1/2"]
[WhiteElo "2103"]
[BlackElo "2136"]
[PlyCount "50"]
[EventDate "2008.11.13"]
[EventType "team-tourn"]
[EventRounds "9"]
[EventCountry "SLO"]
[SourceTitle "EXT 2010"]
[Source "ChessBase"]
[SourceDate "2010.11.25"]
[SourceVersion "1"]
[SourceVersionDate "2010.11.25"]
[SourceQuality "1"]
[WhiteTeam "Komenda"]
[BlackTeam "Jesenice"]
[WhiteTeamCountry "SLO"]
[BlackTeamCountry "SLO"]

1. e4 c5 2. Nf3 d6 3. Nc3 Nf6 4. a3 e5 5. Bb5+ Bd7 6. Bc4 Be6 7. Qe2 Bxc4 8. Qxc4 Be7 9. Qb5+ Qd7 10. d3 Nc6 11. Bg5 Ng8 12. Nd5 Bxg5 13. Nxg5 h6 14. Nf3 Nge7 15. Nxe7 Qxe7 16. g3 0-0 17. c3 f5 18. Nh4 Qf6 19. Qb3+ Kh8 20. exf5 Ne7 21. Qe6 Qxe6 22. fxe6 Rf6 23. 0-0 Rxe6 24. Rae1 Nc6 25. f4 Rf6 1/2-1/2